[Event "Lvov Tradition 02 Friedman Memorial"]
[Site "Lvov"]
[Date "2020.02.18"]
[Round "3"]
[White "Vakulenko, Aleksandr"]
[Black "Kagramanianz, Vartan"]
[Result "0-1"]
[WhiteElo "2262"]
[BlackElo "2238"]
[PlyCount "50"]
[EventDate "2020.02.17"]
[EventType "tourn"]
[EventRounds "9"]
[EventCountry "UKR"]
[SourceTitle "CBM 195 Extra"]
[Source "ChessBase"]
[SourceDate "2020.05.31"]
[SourceVersion "1"]
[SourceVersionDate "2020.05.31"]
[SourceQuality "1"]

1. d4 Nf6 2. c4 e6 3. Nc3 Bb4 4. e3 0-0 5. Bd3 Nc6 6. Nf3 d6 7. Qc2 e5 8. d5 Ne7 9. Nd2 c6 10. dxc6 bxc6 11. a3 Bxc3 12. Qxc3 Ng6 13. c5 d5 14. b3 d4 15. Qc2 Nd5 16. Nf3 f5 17. e4 Ndf4 18. Bc4+ Kh8 19. Bxf4 Nxf4 20. 0-0-0 Qe7 21. Bd3 Nxd3+ 22. Qxd3 Qxc5+ 23. Kb2 fxe4 24. Qxe4 Qc3+ 25. Ka2 Be6 0-1

[Event "Lvov Tradition 05"]
[Site "Lvov"]
[Date "2019.05.06"]
[Round "6"]
[White "Bilych, Olexiy"]
[Black "Kagramanianz, Vartan"]
[Result "1/2-1/2"]
[WhiteElo "2187"]
[BlackElo "2241"]
[PlyCount "72"]
[EventDate "2019.05.03"]
[EventType "tourn"]
[EventRounds "9"]
[EventCountry "UKR"]
[EventCategory "1"]
[SourceTitle "CBM 190 Extra"]
[Source "ChessBase"]
[SourceDate "2019.07.15"]
[SourceVersion "1"]
[SourceVersionDate "2019.07.15"]
[SourceQuality "1"]

1. e4 c5 2. Nf3 Nc6 3. Bb5 g6 4. Bxc6 dxc6 5. e5 Bg7 6. h3 Nh6 7. d3 0-0 8. 0-0 f6 9. Nc3 Nf7 10. Be3 b6 11. a4 f5 12. a5 Be6 13. d4 c4 14. Qe2 Bd5 15. Nd2 b5 16. b3 cxb3 17. cxb3 Qd7 18. Rac1 Nd8 19. Nxd5 cxd5 20. f3 Ne6 21. Nb1 Rfc8 22. Nc3 f4 23. Bf2 a6 24. Na2 Rxc1 25. Rxc1 Rc8 26. Rxc8+ Qxc8 27. Nb4 Qb7 28. Qc2 Kf7 29. Nd3 Qc7 30. Qxc7 Nxc7 31. Nxf4 Bh6 32. Nd3 Bd2 33. Be1 Be3+ 34. Bf2 Bd2 35. Be1 Be3+ 36. Bf2 Bd2 1/2-1/2

[Event "Lvov Tradition 05"]
[Site "Lvov"]
[Date "2019.05.05"]
[Round "4"]
[White "Kagramanianz, Vartan"]
[Black "Mis, Mieszko"]
[Result "1/2-1/2"]
[WhiteElo "2241"]
[BlackElo "2301"]
[PlyCount "77"]
[EventDate "2019.05.03"]
[EventType "tourn"]
[EventRounds "9"]
[EventCountry "UKR"]
[EventCategory "1"]
[SourceTitle "CBM 190 Extra"]
[Source "ChessBase"]
[SourceDate "2019.07.15"]
[SourceVersion "1"]
[SourceVersionDate "2019.07.15"]
[SourceQuality "1"]

1. e4 g6 2. d4 Bg7 3. Nc3 d6 4. Be3 a6 5. Qd2 b5 6. a3 Nd7 7. f3 Bb7 8. Nh3 Rc8 9. Be2 c5 10. d5 Ngf6 11. 0-0 0-0 12. Bh6 Nb6 13. Bxg7 Kxg7 14. Nf4 Qd7 15. Rfd1 Rcd8 16. Bf1 e6 17. dxe6 fxe6 18. g3 g5 19. Nh5+ Nxh5 20. Qxg5+ Kh8 21. Qxh5 Qg7 22. Bh3 Nc4 23. Bxe6 Nxb2 24. Nd5 Nxd1 25. Rxd1 Bxd5 26. Rxd5 Qg6 27. Qxg6 hxg6 28. f4 Kg7 29. h4 Kf6 30. Bg4 a5 31. Be2 Rfe8 32. Bxb5 Rxe4 33. Bd3 Ra4 34. Rg5 Rxa3 35. Rxg6+ Kf7 36. h5 Rxd3 37. cxd3 a4 38. Rh6 Ra8 39. Rh7+ 1/2-1/2

[Event "Lvov Tradition 05"]
[Site "Lvov"]
[Date "2019.05.03"]
[Round "1"]
[White "Boricsev, Oleg"]
[Black "Kagramanianz, Vartan"]
[Result "1/2-1/2"]
[WhiteElo "2281"]
[BlackElo "2241"]
[PlyCount "24"]
[EventDate "2019.05.03"]
[EventType "tourn"]
[EventRounds "9"]
[EventCountry "UKR"]
[EventCategory "1"]
[SourceTitle "CBM 190 Extra"]
[Source "ChessBase"]
[SourceDate "2019.07.15"]
[SourceVersion "1"]
[SourceVersionDate "2019.07.15"]
[SourceQuality "1"]

1. e4 e6 2. d4 d5 3. exd5 exd5 4. c4 Nf6 5. Nf3 Bb4+ 6. Nc3 0-0 7. Be2 h6 8. 0-0 Nc6 9. a3 Bxc3 10. bxc3 Be6 11. cxd5 Nxd5 12. Bd2 Nb6 1/2-1/2

[Event "Mukachevo Rating 37th"]
[Site "Mukachevo"]
[Date "2019.03.13"]
[Round "3"]
[White "Demeter, Dorina"]
[Black "Kagramanianz, Vartan"]
[Result "1-0"]
[WhiteElo "2140"]
[BlackElo "2249"]
[PlyCount "88"]
[EventDate "2019.03.12"]
[EventType "tourn"]
[EventRounds "9"]
[EventCountry "UKR"]
[EventCategory "2"]
[SourceTitle "CBM 189 Extra"]
[Source "ChessBase"]
[SourceDate "2019.06.03"]
[SourceVersion "1"]
[SourceVersionDate "2019.06.03"]
[SourceQuality "1"]

1. Nf3 c5 2. c4 Nf6 3. Nc3 b6 4. g3 Bb7 5. Bg2 e6 6. 0-0 d6 7. Re1 Nbd7 8. e4 a6 9. d4 cxd4 10. Nxd4 Qc7 11. Bf1 Be7 12. b3 0-0 13. Bb2 Rac8 14. Bg2 Qb8 15. Qd2 Rfe8 16. f4 Bf8 17. Rad1 Qa7 18. Kh1 Qa8 19. Nc2 Rc7 20. h3 Rec8 21. e5 dxe5 22. fxe5 Nh5 23. Kh2 Bxg2 24. Qxg2 Qxg2+ 25. Kxg2 b5 26. Ne3 Rb8 27. Rf1 Bc5 28. Rde1 g5 29. cxb5 axb5 30. Ne4 Bxe3 31. Rxe3 Rc2+ 32. Rf2 Rxf2+ 33. Kxf2 Ra8 34. a3 h6 35. Nd6 b4 36. axb4 Nb6 37. b5 Nd5 38. Re2 Ng7 39. Bd4 Ne8 40. b6 Rb8 41. Rc2 Nb4 42. Rc8 Rxc8 43. Nxc8 Nc6 44. b7 Nb8 1-0

[Event "Lvov Title Chase Winter IM"]
[Site "Lvov"]
[Date "2019.02.14"]
[Round "6"]
[White "Molchanov, Alexey"]
[Black "Kagramanianz, Vartan"]
[Result "1/2-1/2"]
[WhiteElo "2417"]
[BlackElo "2250"]
[PlyCount "24"]
[EventDate "2019.02.11"]
[EventType "tourn"]
[EventRounds "9"]
[EventCountry "UKR"]
[SourceTitle "CBM 188 Extra"]
[Source "ChessBase"]
[SourceDate "2019.02.26"]
[SourceVersion "1"]
[SourceVersionDate "2019.02.26"]
[SourceQuality "1"]

1. d4 d5 2. c4 c6 3. cxd5 cxd5 4. Nc3 Nf6 5. Nf3 Nc6 6. Bf4 Bf5 7. e3 e6 8. Bd3 Bxd3 9. Qxd3 Bd6 10. Bxd6 Qxd6 11. 0-0 0-0 12. Rfc1 Rfc8 1/2-1/2

[Event "Lvov Tradition IM 01"]
[Site "Lvov"]
[Date "2019.01.30"]
[Round "6"]
[White "Siniauski, Artsiom"]
[Black "Kagramanianz, Vartan"]
[Result "1/2-1/2"]
[WhiteElo "2182"]
[BlackElo "2246"]
[PlyCount "38"]
[EventDate "2019.01.27"]
[EventType "tourn"]
[EventRounds "9"]
[EventCountry "UKR"]
[SourceTitle "CBM 188 Extra"]
[Source "ChessBase"]
[SourceDate "2019.02.26"]
[SourceVersion "1"]
[SourceVersionDate "2019.02.26"]
[SourceQuality "1"]

1. e4 e6 2. d4 d5 3. Nc3 Bb4 4. exd5 exd5 5. Bd3 Nc6 6. Nge2 Nge7 7. 0-0 Bf5 8. Bf4 a6 9. Re1 0-0 10. Qd2 Qd7 11. a3 Bxd3 12. Qxd3 Bd6 13. Bxd6 Qxd6 14. Qg3 Rad8 15. Rad1 Ng6 16. Qd3 Nge7 17. Qg3 Ng6 18. Qd3 Nge7 19. Qg3 Ng6 1/2-1/2

[Event "Mukachevo Rating 36th"]
[Site "Mukachevo"]
[Date "2019.01.09"]
[Round "1"]
[White "Shkuran, Danylo"]
[Black "Kagramanianz, Vartan"]
[Result "1/2-1/2"]
[WhiteElo "2359"]
[BlackElo "2246"]
[PlyCount "28"]
[EventDate "2019.01.09"]
[EventType "tourn"]
[EventRounds "9"]
[EventCountry "UKR"]
[EventCategory "2"]
[SourceTitle "CBM 188 Extra"]
[Source "ChessBase"]
[SourceDate "2019.02.26"]
[SourceVersion "1"]
[SourceVersionDate "2019.02.26"]
[SourceQuality "1"]

1. e4 c6 2. d4 d5 3. exd5 cxd5 4. Bd3 Nc6 5. c3 Nf6 6. Nf3 Bg4 7. h3 Bh5 8. 0-0 e6 9. Bf4 Bd6 10. Bxd6 Qxd6 11. Nbd2 0-0 12. Qc2 Bg6 13. Bxg6 hxg6 14. Rfe1 Rac8 1/2-1/2

[Event "Mukachevo Masters"]
[Site "Mukachevo"]
[Date "2018.10.19"]
[Round "4"]
[White "Kagramanianz, Vartan"]
[Black "Oros, Robert"]
[Result "1/2-1/2"]
[WhiteElo "2231"]
[BlackElo "2336"]
[PlyCount "120"]
[EventDate "2018.10.17"]
[EventType "tourn"]
[EventRounds "9"]
[EventCountry "UKR"]
[EventCategory "3"]
[SourceTitle "CBM 186 Extra"]
[Source "ChessBase"]
[SourceDate "2018.08.24"]
[SourceVersion "1"]
[SourceVersionDate "2018.08.24"]
[SourceQuality "1"]

1. e4 Nf6 2. e5 Nd5 3. d4 d6 4. Nf3 dxe5 5. Nxe5 c6 6. Be2 Bf5 7. 0-0 Nd7 8. Bg4 Bxg4 9. Qxg4 g6 10. Qxd7+ Qxd7 11. Nxd7 Kxd7 12. Nd2 Bg7 13. Nf3 Rhd8 14. c3 Ke8 15. Re1 f6 16. Bd2 Kf7 17. Re2 Bf8 18. Rae1 Rac8 19. c4 Nc7 20. Bf4 Ne8 21. g4 Nd6 22. b3 Rd7 23. h3 Ne8 24. Kg2 h5 25. Bc1 Ng7 26. Ba3 a5 27. Bc1 a4 28. Bh6 hxg4 29. hxg4 axb3 30. axb3 Ne6 31. Rxe6 Bxh6 32. R6e2 Ra8 33. Rb1 Ra3 34. c5 Bf4 35. b4 b5 36. cxb6 Rb7 37. b5 Rxb6 38. Rbe1 Bd6 39. bxc6 Rxc6 40. g5 Ra5 41. gxf6 exf6 42. Rh1 Kg7 43. Rb2 Rc7 44. Rhb1 g5 45. Rb7 Kg6 46. Rxc7 Bxc7 47. Rc1 Bb8 48. Rc5 Ra2 49. Rc6 Ba7 50. Rd6 Kf5 51. Ne1 Ra4 52. Nc2 Kg6 53. Kf3 Rc4 54. Rd7 Bb6 55. Ne3 Ra4 56. d5 Rf4+ 57. Ke2 Bc5 58. Rc7 Bd4 59. Rc6 Kf7 60. f3 Bxe3 1/2-1/2

[Event "Mukachevo Masters"]
[Site "Mukachevo"]
[Date "2018.10.17"]
[Round "1"]
[White "Vypkhaniuk, Igor"]
[Black "Kagramanianz, Vartan"]
[Result "1/2-1/2"]
[WhiteElo "2389"]
[BlackElo "2231"]
[PlyCount "34"]
[EventDate "2018.10.17"]
[EventType "tourn"]
[EventRounds "9"]
[EventCountry "UKR"]
[EventCategory "3"]
[SourceTitle "CBM 186 Extra"]
[Source "ChessBase"]
[SourceDate "2018.08.24"]
[SourceVersion "1"]
[SourceVersionDate "2018.08.24"]
[SourceQuality "1"]

1. c4 c6 2. Nf3 Nf6 3. Nc3 d5 4. e3 g6 5. Qb3 e6 6. d4 Bg7 7. Bd3 0-0 8. 0-0 Nbd7 9. Bd2 dxc4 10. Qxc4 e5 11. dxe5 Ng4 12. Be4 Ndxe5 13. Qe2 Be6 14. Nxe5 Nxe5 15. b3 f5 16. Bc2 Qd6 17. h3 Rad8 1/2-1/2

[Event "Lvov Lion City Day"]
[Site "Lvov"]
[Date "2018.05.05"]
[Round "8"]
[White "Kagramanianz, Vartan"]
[Black "Hristodorescu, Daniel"]
[Result "0-1"]
[WhiteElo "2242"]
[BlackElo "2252"]
[PlyCount "52"]
[EventDate "2018.05.01"]
[EventType "tourn"]
[EventRounds "9"]
[EventCountry "UKR"]
[SourceTitle "CBM 184 Extra"]
[Source "ChessBase"]
[SourceDate "2018.06.28"]
[SourceVersion "1"]
[SourceVersionDate "2018.06.28"]
[SourceQuality "1"]

1. e4 e5 2. Nf3 Nc6 3. d4 exd4 4. Nxd4 Nf6 5. Nxc6 bxc6 6. Bd3 d5 7. exd5 cxd5 8. 0-0 Be7 9. h3 0-0 10. Nc3 c5 11. Re1 c4 12. Bf1 Be6 13. Be3 Bb4 14. Bd4 Ne4 15. Qf3 f5 16. Rad1 Qa5 17. a3 Bd6 18. Qe2 Rae8 19. f3 Ng3 20. Qd2 f4 21. Bf2 Bc5 22. Nxd5 Qxd2 23. Rxd2 Bxd5 24. Rxe8 Rxe8 25. Bxc5 Re1 26. Rf2 c3 0-1

[Event "Lvov Lion City Day"]
[Site "Lvov"]
[Date "2018.05.04"]
[Round "5"]
[White "Prydun, Andriy"]
[Black "Kagramanianz, Vartan"]
[Result "0-1"]
[WhiteElo "2186"]
[BlackElo "2242"]
[PlyCount "82"]
[EventDate "2018.05.01"]
[EventType "tourn"]
[EventRounds "9"]
[EventCountry "UKR"]
[SourceTitle "CBM 184 Extra"]
[Source "ChessBase"]
[SourceDate "2018.06.28"]
[SourceVersion "1"]
[SourceVersionDate "2018.06.28"]
[SourceQuality "1"]

1. d4 Nf6 2. c4 e6 3. Nf3 Bb4+ 4. Bd2 Bxd2+ 5. Qxd2 0-0 6. Nc3 d6 7. g3 Nc6 8. Bg2 Qe7 9. 0-0 e5 10. d5 Nb8 11. e4 a5 12. Ne1 Na6 13. Nd3 c6 14. a3 Bd7 15. b4 cxd5 16. cxd5 Rfc8 17. Rfb1 Rc4 18. bxa5 Rac8 19. Rxb7 Rxc3 20. Nb4 Qd8 21. Nxa6 Qxa5 22. Nb4 Rxa3 23. Rxa3 Qxa3 24. h3 h6 25. Rb6 Rc4 26. Qd3 Qc1+ 27. Kh2 Rd4 28. Qc2 Qa1 29. Nc6 Rd1 30. Ne7+ Kh7 31. Nf5 Rc1 32. Qb3 Bxf5 33. exf5 Qd4 34. Qb2 Qd1 35. Qxc1 Qxc1 36. Rxd6 Qc5 37. Rc6 Qxf2 38. d6 Nh5 39. d7 Qxg3+ 40. Kh1 Nf4 41. Rc2 Qd3 0-1

[Event "Lvov Tradition IM 01"]
[Site "Lvov"]
[Date "2018.01.26"]
[Round "8"]
[White "Kagramanianz, Vartan"]
[Black "Molchanov, Alexey"]
[Result "0-1"]
[WhiteElo "2247"]
[BlackElo "2329"]
[PlyCount "80"]
[EventDate "2018.01.22"]
[EventType "tourn"]
[EventRounds "9"]
[EventCountry "UKR"]
[SourceTitle "CBM 182 Extra"]
[Source "ChessBase"]
[SourceDate "2018.02.23"]
[SourceVersion "1"]
[SourceVersionDate "2018.02.23"]
[SourceQuality "1"]

1. d4 Nf6 2. Nf3 d5 3. c3 Nbd7 4. Bf4 c5 5. e3 e6 6. Nbd2 Be7 7. h3 b6 8. Bd3 Bb7 9. 0-0 Ne4 10. Ne5 Nxd2 11. Qxd2 0-0 12. Rad1 Nf6 13. Bg5 Qc7 14. Qe2 a5 15. Bxf6 Bxf6 16. Ng4 Be7 17. b3 a4 18. dxc5 axb3 19. axb3 Qxc5 20. c4 dxc4 21. Bxc4 h5 22. Nh2 Rad8 23. Nf3 Bf6 24. Rxd8 Rxd8 25. e4 Bc6 26. Re1 b5 27. Bd3 b4 28. Bc4 Bc3 29. Rf1 g6 30. h4 Qe7 31. Ng5 Bd2 32. Nf3 Bf4 33. g3 Bc7 34. Re1 Qf6 35. Nd2 Bb6 36. Nf1 Bxe4 37. Ne3 Bf3 38. Qc2 Bb7 39. Bf1 Rc8 40. Qe2 Rc3 0-1

[Event "Lvov Tradition IM 01"]
[Site "Lvov"]
[Date "2018.01.24"]
[Round "4"]
[White "Kagramanianz, Vartan"]
[Black "Kyrychenko, Maryan"]
[Result "1/2-1/2"]
[WhiteElo "2247"]
[BlackElo "2254"]
[PlyCount "55"]
[EventDate "2018.01.22"]
[EventType "tourn"]
[EventRounds "9"]
[EventCountry "UKR"]
[SourceTitle "CBM 182 Extra"]
[Source "ChessBase"]
[SourceDate "2018.02.23"]
[SourceVersion "1"]
[SourceVersionDate "2018.02.23"]
[SourceQuality "1"]

1. d4 d5 2. Nf3 Nf6 3. c3 Bf5 4. Bf4 e6 5. e3 c5 6. Bxb8 Qxb8 7. Bb5+ Kd8 8. Ne5 Qc7 9. Bd3 Bxd3 10. Qxd3 Bd6 11. f4 Ne4 12. Nd2 Nxd2 13. Qxd2 f5 14. 0-0 Bxe5 15. fxe5 c4 16. b3 Rc8 17. b4 Qe7 18. Qe2 h5 19. a4 Kc7 20. a5 g5 21. a6 b6 22. Rf2 Rcf8 23. Raf1 h4 24. Qd2 Rd8 25. Qe2 Rdf8 26. Qd2 Rd8 27. Qe2 Rdf8 28. Qd2 1/2-1/2